=LDR 00000nam 2200000 4500 =001 INLIS000000000006156 =005 20130612094323 =008 ***********************************Ind** =035 ##$$0010-061300000006156 =041 ##$$a Ind =082 ##$$a 2x1.1 =090 ##$$a 2x1.1, Sha m =100 ##$$a As-Shalih, Subhi =245 ##$$a Membahas ilmu-ilmu Al-Qur'an, DR. Subhi As-Shalih =260 ##$$a 1993 $b Jakarta =300 ##$$a v, 463 hlm., 21 cm =650 ##$$a Al-Qur'an =850 ##$$a NBPNMAT =990 ##$$a 0001/BPAP-NTB/2016